Potential Theory on Sierpiński Carpets (Запис № 461362)

МАРК-запис
000 -LEADER
fixed length control field 03216nam a22005775i 4500
001 - CONTROL NUMBER
control field 978-3-030-50805-0
003 - CONTROL NUMBER IDENTIFIER
control field DE-He213
005 - DATE AND TIME OF LATEST TRANSACTION
control field 20200904105132.0
007 - PHYSICAL DESCRIPTION FIXED FIELD--GENERAL INFORMATION
fixed length control field cr nn 008mamaa
008 - FIXED-LENGTH DATA ELEMENTS--GENERAL INFORMATION
fixed length control field 200901s2020 gw | s |||| 0|eng d
020 ## - INTERNATIONAL STANDARD BOOK NUMBER
International Standard Book Number 9783030508050
-- 978-3-030-50805-0
024 7# - OTHER STANDARD IDENTIFIER
Standard number or code 10.1007/978-3-030-50805-0
Source of number or code doi
050 #4 - LIBRARY OF CONGRESS CALL NUMBER
Classification number QA331-355
072 #7 - SUBJECT CATEGORY CODE
Subject category code PBKD
Source bicssc
072 #7 - SUBJECT CATEGORY CODE
Subject category code MAT034000
Source bisacsh
072 #7 - SUBJECT CATEGORY CODE
Subject category code PBKD
Source thema
082 04 - DEWEY DECIMAL CLASSIFICATION NUMBER
Classification number 515.9
Edition number 23
100 1# - MAIN ENTRY--PERSONAL NAME
Personal name Ntalampekos, Dimitrios.
Relator term author.
Relator code aut
-- http://id.loc.gov/vocabulary/relators/aut
245 10 - TITLE STATEMENT
Title Potential Theory on Sierpiński Carpets
Medium [electronic resource] :
Remainder of title With Applications to Uniformization /
Statement of responsibility, etc by Dimitrios Ntalampekos.
250 ## - EDITION STATEMENT
Edition statement 1st ed. 2020.
264 #1 -
-- Cham :
-- Springer International Publishing :
-- Imprint: Springer,
-- 2020.
300 ## - PHYSICAL DESCRIPTION
Extent X, 186 p. 10 illus., 4 illus. in color.
Other physical details online resource.
336 ## -
-- text
-- txt
-- rdacontent
337 ## -
-- computer
-- c
-- rdamedia
338 ## -
-- online resource
-- cr
-- rdacarrier
347 ## -
-- text file
-- PDF
-- rda
490 1# - SERIES STATEMENT
Series statement Lecture Notes in Mathematics,
Міжнародний стандартний серійний номер для назви серії (ISSN) 0075-8434 ;
Том/ позначення послідовності 2268
520 ## - SUMMARY, ETC.
Summary, etc This self-contained book lays the foundations for a systematic understanding of potential theoretic and uniformization problems on fractal Sierpiński carpets, and proposes a theory based on the latest developments in the field of analysis on metric spaces. The first part focuses on the development of an innovative theory of harmonic functions that is suitable for Sierpiński carpets but differs from the classical approach of potential theory in metric spaces. The second part describes how this theory is utilized to prove a uniformization result for Sierpiński carpets. This book is intended for researchers in the fields of potential theory, quasiconformal geometry, geometric group theory, complex dynamics, geometric function theory and PDEs.
650 #0 - SUBJECT ADDED ENTRY--TOPICAL TERM
Topical term or geographic name as entry element Functions of complex variables.
650 #0 - SUBJECT ADDED ENTRY--TOPICAL TERM
Topical term or geographic name as entry element Potential theory (Mathematics).
650 #0 - SUBJECT ADDED ENTRY--TOPICAL TERM
Topical term or geographic name as entry element Functional analysis.
650 #0 - SUBJECT ADDED ENTRY--TOPICAL TERM
Topical term or geographic name as entry element Measure theory.
650 #0 - SUBJECT ADDED ENTRY--TOPICAL TERM
Topical term or geographic name as entry element Mathematical analysis.
650 #0 - SUBJECT ADDED ENTRY--TOPICAL TERM
Topical term or geographic name as entry element Analysis (Mathematics).
650 14 - SUBJECT ADDED ENTRY--TOPICAL TERM
Topical term or geographic name as entry element Functions of a Complex Variable.
-- https://scigraph.springernature.com/ontologies/product-market-codes/M12074
650 24 - SUBJECT ADDED ENTRY--TOPICAL TERM
Topical term or geographic name as entry element Potential Theory.
-- https://scigraph.springernature.com/ontologies/product-market-codes/M12163
650 24 - SUBJECT ADDED ENTRY--TOPICAL TERM
Topical term or geographic name as entry element Functional Analysis.
-- https://scigraph.springernature.com/ontologies/product-market-codes/M12066
650 24 - SUBJECT ADDED ENTRY--TOPICAL TERM
Topical term or geographic name as entry element Measure and Integration.
-- https://scigraph.springernature.com/ontologies/product-market-codes/M12120
650 24 - SUBJECT ADDED ENTRY--TOPICAL TERM
Topical term or geographic name as entry element Analysis.
-- https://scigraph.springernature.com/ontologies/product-market-codes/M12007
710 2# - ADDED ENTRY--CORPORATE NAME
Corporate name or jurisdiction name as entry element SpringerLink (Online service)
773 0# - HOST ITEM ENTRY
Title Springer Nature eBook
776 08 - ADDITIONAL PHYSICAL FORM ENTRY
Display text Printed edition:
International Standard Book Number 9783030508043
776 08 - ADDITIONAL PHYSICAL FORM ENTRY
Display text Printed edition:
International Standard Book Number 9783030508067
830 #0 - SERIES ADDED ENTRY--UNIFORM TITLE
Uniform title Lecture Notes in Mathematics,
-- 0075-8434 ;
Volume number/sequential designation 2268
856 40 - ELECTRONIC LOCATION AND ACCESS
Uniform Resource Identifier <a href="https://doi.org/10.1007/978-3-030-50805-0">https://doi.org/10.1007/978-3-030-50805-0</a>
912 ## -
-- ZDB-2-SMA
912 ## -
-- ZDB-2-SXMS
912 ## -
-- ZDB-2-LNM

Немає доступних примірників.